Normal view
MARC view
- Law, Law of Supardari
Entry Topical Term
001 - CONTROL NUMBER
- control field: 128033
003 - CONTROL NUMBER IDENTIFIER
- control field: NUST
005 - DATE AND TIME OF LATEST TRANSACTION
- control field: 20250302134201.0
008 - FIXED-LENGTH DATA ELEMENTS
- fixed length control field: 250302|| aca||aabn | a|a d
040 ## - CATALOGING SOURCE
- Original cataloging agency: NUST
- Transcribing agency: NUST
150 ## - HEADING--TOPICAL TERM
- Topical term or geographic name entry element: Law, Law of Supardari
670 ## - SOURCE DATA FOUND
- Source citation: Work cat.: (NUST): Awan, Malik Kushal 128032, The Law of Supardari Disposal of Property:, 2021.
